000 00751nam a22002297a 4500
001 114220
003 DR-UNIBE
005 20260423112607.0
008 251119b2000 dr ||||| |||| 00| 0 mul d
040 _aBIBLIOTECA UNIBE
_bspa
_cBIBLIOTECA UNIBE
_erda
041 _aspa
082 _aF-RD 6017
245 1 0 _aBasílica Nuestra Señora de La Altagracia
260 _aSanto Domingo :
_bBanco Popular,
_c2000
300 _a[5] páginas
650 7 _2lemb
_aIglesia catolica
_xHistoria
_928763
650 7 _2lemb
_aDiseño arquitectónico
700 _aMoya Pons, Frank,
_q(Moya Pons, Rafael Francisco),
_d1944-
_9199245
_eeditor
700 _aGauge, Jean Alexis
_etraductor
_9199464
700 _aSolomon, Denis
_etraductor
_9199465
942 _2ddc
_cBK
999 _c114220
_d114220